| 000 | 01075nam a22003257a 4500 | ||
|---|---|---|---|
| 003 | CHAP | ||
| 005 | 20220329140331.0 | ||
| 008 | 971013s1975 r 00010 d | ||
| 010 | _a50541 | ||
| 011 | _a51513 | ||
| 035 | _a55663 | ||
| 040 | _cCHAP | ||
| 090 | _aFolleto 11387 | ||
| 110 |
_aPLAMEPA _988648 |
||
| 245 | _aPlan de desarrollo Agropecuario en la Cuenca del Río Pánuco | ||
| 260 |
_aTampico, Tams. : _bComisión de Estudios del Río Pánuco, _c1975 |
||
| 300 | _a8 p. | ||
| 590 |
_aBATCH-UPD _b10 _c20130110 _lUCH01 _h0419 |
||
| 590 |
_aBATCH-UPD _b10 _c20130110 _lUCH01 _h2337 |
||
| 590 |
_aBATCH-UPD _b10 _c20130410 _lUCH01 _h0054 |
||
| 590 |
_aBATCH-UPD _b10 _c20130410 _lUCH01 _h1626 |
||
| 590 |
_aBATCH-UPD _b10 _c20130913 _lUCH01 _h2051 |
||
| 590 |
_aCONVERSION _b10 _c20130109 _lUCH01 _h1327 |
||
| 650 | 1 | 4 |
_aAgricultura _xCuenca del Río Pánuco. _91392 |
| 650 | 1 | 4 |
_aCuenca del Río Pánuco. _930051 |
| 650 | 1 | 4 |
_aGanadería _xCuenca del Río Pánuco. _944683 |
| 901 | _aBK | ||
| 942 | _cFOLL | ||
| 949 |
_aFolleto 11387 _bBC _cFOLL _d-122030 _eTS1 _i55663 _mD _si |
||
| 999 |
_c50541 _d50541 |
||